| 000 | 00395nam a2200133 a 4500 | ||
|---|---|---|---|
| 001 | 000031924 | ||
| 005 | 20200930063303.0 | ||
| 008 | 110707s2001 dr ac 000 0 spa d | ||
| 040 |
_aDO-SdBNP _bspa _cBNPHU |
||
| 245 | 0 | 0 | _aMemoria de un año de trabajo. |
| 260 |
_a[Santo Domingo ] : _bInstituto de Acción Comunitaria (IDAC), _c2001. |
||
| 300 |
_a49 p. : _bil., retrs. ; _c29 cm. |
||
| 049 | _aBNPD | ||
| 999 |
_c31415 _d31415 |
||